000 00354nam a2200157Ia 4500
003 OSt
008 191201s2010 xx 000 0 und d
082 _a428.1
_bLEW
100 _aLEWIS, Norman
245 0 _aWord Power Made Easy
250 _a2nd Rep
260 _aNew Delhi
_bGoyal Pub
_c2010
300 _a686
650 _aB.Tech(IT)
942 _2ddc
_cBK
999 _c4607
_d4607